| 000 | 00443nam a22001457a 4500 | ||
|---|---|---|---|
| 003 | PILC | ||
| 005 | 20150827081531.0 | ||
| 008 | 150827b xxu||||| |||| 00| 0 eng d | ||
| 050 |
_aPN 81 _b.C761 1993 |
||
| 245 |
_aContemporary theory and criticism : _ban introduction / _cedited by David Jonathan Bayot. |
||
| 260 |
_aManila : _bDe La Salle University, _c1993. |
||
| 300 |
_a301 pages ; _c28 cm. |
||
| 650 | _aCriticism. | ||
| 942 |
_2lcc _cBK _kLOC |
||
| 999 |
_c288522 _d288522 |
||